Financial Calculus: An Introduction to derivative pricing v 42 (Record no. 266421)

000 -LEADER
fixed length control field 00280 a2200097 4500
001 - CONTROL NUMBER
control field 31348
090 ## - LOCALLY ASSIGNED LC-TYPE CALL NUMBER (OCLC); LOCAL CALL NUMBER (RLIN)
-- 21241
-- 21241
100 ## - MAIN ENTRY--PERSONAL NAME
Personal name Baxter, Martin
245 ## - TITLE STATEMENT
Title Financial Calculus: An Introduction to derivative pricing v 42
260 ## - PUBLICATION, DISTRIBUTION, ETC.
Place of publication, distribution, etc. Cambridge
Name of publisher, distributor, etc. Cambridge University Press
Date of publication, distribution, etc. 1996
942 ## - ADDED ENTRY ELEMENTS (KOHA)
Institution code [OBSOLETE] NUST-CAE
Koha item type
--
Holdings
Withdrawn status Lost status Damaged status Not for loan Collection code Permanent Location Current Location Date acquired Total Checkouts Barcode Date last seen Price effective from Koha item type
          College of Aeronautical Engineering (CAE) College of Aeronautical Engineering (CAE) 04/03/2017   CAE72267 04/05/2017 04/05/2017 Book
© 2023 Central Library, National University of Sciences and Technology. All Rights Reserved.